Veľký dejepis biblický starého i nového zákona. Pre vyššie triedy národních škôl a pre ľud.

Bibliographic Details
Main Author: Schustrer-a J. (Author)
Format: Book
Language:Slovak
PhysicalDescription:288 s.[ 5 s. ]
Published: Viedeň Spolok sv. Adalberta (Vojtech) 1891
Edition:2 vydanie

MARC

LEADER 00000nam a2200000 a 4500
001 vtls010595096
003 SK-MaSNL
005 20260301215100.0
008 240314 1891 au 000 0 slo
040 |a SNK  |b slo  |c SNK  |e AACR2 
041 0 |a slo 
044 |a au 
100 1 |a Schustrer-a J.  |4 aut  |9 604429 
245 1 0 |a Veľký dejepis biblický starého i nového zákona.  |b Pre vyššie triedy národních škôl a pre ľud. 
250 |a 2 vydanie 
260 |a Viedeň  |b Spolok sv. Adalberta (Vojtech)  |c 1891 
300 |a 288 s.[ 5 s. ] 
958 |a ONDV 
999 |c 926828  |d 928758 
952 |a SNK  |b SNK  |y PREZ  |7 0  |p 17A0851186  |o snkSD 416  |i snk1721/27  |0 0  |1 0  |4 0  |d 2014-05-06  |l 0  |r 2025-10-16 00:00:00  |w 2026-02-24